LEADER 04077nam 2200661 a 450 001 9910455572403321 005 20200520144314.0 010 $a1-282-53873-X 010 $a9786612538735 010 $a0-226-14848-3 024 7 $a10.7208/9780226148489 035 $a(CKB)2520000000006453 035 $a(EBL)496606 035 $a(OCoLC)593325476 035 $a(SSID)ssj0000335952 035 $a(PQKBManifestationID)12087773 035 $a(PQKBTitleCode)TC0000335952 035 $a(PQKBWorkID)10278527 035 $a(PQKB)11226937 035 $a(StDuBDS)EDZ0000122011 035 $a(MiAaPQ)EBC496606 035 $a(DE-B1597)524006 035 $a(DE-B1597)9780226148489 035 $a(Au-PeEL)EBL496606 035 $a(CaPaEBR)ebr10370343 035 $a(CaONFJC)MIL253873 035 $a(EXLCZ)992520000000006453 100 $a20090424d2009 uy 0 101 0 $aeng 135 $aur|n|---||||| 181 $ctxt 182 $cc 183 $acr 200 00$aColonial encounters in ancient Iberia$b[electronic resource] $ePhoenician, Greek, and indigenous relations /$fedited by Michael Dietler and Carolina Lo?pez-Ruiz 210 $aChicago $cUniversity of Chicago Press$d2009 215 $a1 online resource (339 p.) 300 $aDescription based upon print version of record. 311 $a0-226-14847-5 320 $aIncludes bibliographical references and index. 327 $aEx occidente lux: a preface / Michael Dietler and Carolina Lo?pez-Ruiz -- Theoretical issues and frameworks -- Colonial encounters in Iberia and the western Mediterranean: an exploratory framework / Michael Dietler -- Colonial relations and social change in Iberia (seventh to third centuries bc) / Joan Sanmarti? -- New perspectives on Phoenician and Greek ventures on the Mediterranean and Atlantic coasts -- Colonial contacts and protohistoric indigenous urbanism on the Mediterranean coast of the Iberian peninsula / Maria Carme Belarte -- Phoenician colonization on the Atlantic coast of the Iberian peninsula / Ana Marguerida Arruda -- Greeks and the Iberian peninsula: forms of exchange and settlements / Pierre Rouillard -- Plant resources, agrarian practices, and the colonial political economy -- Botanical and archaeological dimensions of the colonial encounter / Ramon Buxo? -- Lumbermen and shipwrights: Phoenicians on the Mediterranean coast of southern Spain / Brigitte Treumann -- The question of Tartessos: a debate reframed -- Phoenicians in Tartessos / Mari?a Bele?n Deamos -- Precolonization and colonization in the interior of Tartessos / Sebastia?n Celestino Pe?rez -- Interrogating colonial texts and imagined landscapes -- Tarshish and Tartessos revisited: textual problems and historical implications / Carolina Lo?pez-Ruiz -- Iberia in the Greek geographical imagination / Javier Go?mez Espelosi?n -- Colonial encounters in ancient Iberia: a coda. 330 $aDuring the first millennium BCE, complex encounters of Phoenician and Greek colonists with natives of the Iberian Peninsula transformed the region and influenced the entire history of the Mediterranean. One of the first books on these encounters to appear in English, this volume brings together a multinational group of contributors to explore ancient Iberia's colonies and indigenous societies, as well as the comparative study of colonialism. These scholars-from a range of disciplines including classics, history, anthropology, and archaeology-address such topics as t 606 $aPhoenicians$zIberian Peninsula 606 $aGreeks$zIberian Peninsula 607 $aIberian Peninsula$xAntiquities 607 $aTartessos (Kingdom)$xHistory 608 $aElectronic books. 615 0$aPhoenicians 615 0$aGreeks 676 $a936.6/02 701 $aDietler$b Michael$0446541 701 $aLo?pez-Ruiz$b Carolina$0910044 801 0$bMiAaPQ 801 1$bMiAaPQ 801 2$bMiAaPQ 906 $aBOOK 912 $a9910455572403321 996 $aColonial encounters in ancient Iberia$92036821 997 $aUNINA LEADER 03440nam 2200373 n 450 001 996390163103316 005 20221108073255.0 035 $a(CKB)4940000000099154 035 $a(EEBO)2248492643 035 $a(UnM)99827494 035 $a(UnM)9927764100971 035 $a(EXLCZ)994940000000099154 100 $a19950227d1670 uy | 101 0 $alat 135 $aurbn||||a|bb| 200 00$aDictionarium historicum, geographicum, poeticum, authore Carolo Stephano, gentium, hominum, deorum gentilium, regionum, locorum, civitatum, æquorum, fluviorum, sinuum, portuum, promontoriorum, ac montium, antiqua recentiora[que] ad sacras, & profanas historias, poetarumque fabulas intelligendas necessaria nomina, quo decet ordine complectens. Editio novissima; cui præter collium, silvarum, desertorum, insularum, populorum, pagorum, tribuum, fontium, lacuum, torrentium, paludumque ingentem recentium, veterumque nominum acervum ex Ferrario, aliisque libris typis excusis, calamo exaratis, chartis geographicis, marmoribus vetustis, nummis atque tabulis antiquis diligenter & fideliter excerptum, magna historiarum insignium, ac rerum copia adjicitur; multa quæ obscruriora videri poterant, exponuntur; quæ superflua fuerunt, amputantur; luxatis ac transpositis locus suus, quoad ejus fieri potuit, restituitur; totus denique liber tum emendationibus, tum additamentis ita adornatur, ut novus, ac$b[electronic resource] 210 $aOxonii $cex officina? Guilielmi Hall; impensis ejusdem, & Guilielmi Downing, prostant venales apud Joh: Williams, sub signo Conronæ (in area? vulg. vocat.) Cross-Keys Court in Little Brittain$dan. Dom. 1670 215 $a8, 830 p 300 $aA general dictionary of classical and Biblical proper names, with many quotations from classical poetry. Edited by Nicolas Lloyd, who so updated Estienne's original work that his claim to authorship is not unwarranted. 300 $aNot in Madan. 300 $aReproduction of the original in the Trinity College Library, Dublin. 330 $aeebo-0159 606 $aClassical dictionaries$vEarly works to 1800 615 0$aClassical dictionaries 700 $aEstienne$b Charles$f1504-ca. 1564.$0202993 701 $aLloyd$b Nicolas$f1630-1680.$01005056 801 0$bCu-RivES 801 1$bCu-RivES 801 2$bCStRLIN 801 2$bWaOLN 906 $aBOOK 912 $a996390163103316 996 $aDictionarium historicum, geographicum, poeticum, authore Carolo Stephano, gentium, hominum, deorum gentilium, regionum, locorum, civitatum, æquorum, fluviorum, sinuum, portuum, promontoriorum, ac montium, antiqua recentiora ad sacras, & profanas historias, poetarumque fabulas intelligendas necessaria nomina, quo decet ordine complectens. Editio novissima; cui præter collium, silvarum, desertorum, insularum, populorum, pagorum, tribuum, fontium, lacuum, torrentium, paludumque ingentem recentium, veterumque nominum acervum ex Ferrario, aliisque libris typis excusis, calamo exaratis, chartis geographicis, marmoribus vetustis, nummis atque tabulis antiquis diligenter & fideliter excerptum, magna historiarum insignium, ac rerum copia adjicitur; multa quæ obscruriora videri poterant, exponuntur; quæ superflua fuerunt, amputantur; luxatis ac transpositis locus suus, quoad ejus fieri potuit, restituitur; totus denique liber tum emendationibus, tum additamentis ita adornatur, ut novus, ac$92349204 997 $aUNISA LEADER 01459nam 2200373 450 001 996279873903316 005 20171003085037.0 010 $a0-7381-6112-8 035 $a(CKB)2670000000414752 035 $a(WaSeSS)IndRDA00078191 035 $a(NjHacI)992670000000414752 035 $a(EXLCZ)992670000000414752 100 $a20171003d2009 || | 101 0 $aeng 135 $aur||||||||||| 181 $ctxt$2rdacontent 182 $cc$2rdamedia 183 $acr$2rdacarrier 200 00$aAmerican national standard for electromagnetic noise and field strength instrumentation, 10 Hz to 40 GHz specifications 210 1$aNew York :$cIEEE,$d2009. 215 $a1 online resource (9 pages) 225 1 $aIEEE Std 311 $a0-7381-6113-6 330 $aElectromagnetic compatibility techniques and requirements for instruments measuring quasi-peak, peak, rms, and average values for electrical and electronic equipment for various applications are provided. Keywords: electromagnetic compatibility, field strength instrumentation. 410 0$aIEEE Std. 606 $aElectromagnetic noise$xStandards 615 0$aElectromagnetic noise$xStandards. 676 $a530.1433 801 0$bWaSeSS 801 1$bWaSeSS 906 $aDOCUMENT 912 $a996279873903316 996 $aAmerican national standard for electromagnetic noise and field strength instrumentation, 10 Hz to 40 GHz specifications$92580871 997 $aUNISA